Field hockey: (Record no. 45667)

MARC details
000 -LEADER
fixed length control field 00739nam a22002177a 4500
005 - DATE AND TIME OF LATEST TRANSACTION
control field 2010091405275.0
020 ## - INTERNATIONAL STANDARD BOOK NUMBER
International Standard Book Number 9780736068376
Terms of availability 1127.00
037 ## - SOURCE OF ACQUISITION
Source of stock number/acquisition UBH
082 ## - DEWEY DECIMAL CLASSIFICATION NUMBER
Classification number 796.355
100 ## - MAIN ENTRY--PERSONAL NAME
Personal name Anders, Elizabeth
245 ## - TITLE STATEMENT
Title Field hockey:
Statement of responsibility, etc by Elizabeth Anders with Sue Myers
Remainder of title step to success /
250 ## - EDITION STATEMENT
Edition statement 2nd ed.
260 ## - PUBLICATION, DISTRIBUTION, ETC. (IMPRINT)
Place of publication, distribution, etc Champaign
Name of publisher, distributor, etc Human Kinetics
Date of publication, distribution, etc 2008
270 ## - ADDRESS
Address P.O. Box, 5076,
City Champaign
300 ## - PHYSICAL DESCRIPTION
Extent xx, 220p.
Other physical details ill.
Dimensions 30cm(pbk)
500 ## - GENERAL NOTE
General note Includes glossary
700 ## - ADDED ENTRY--PERSONAL NAME
Personal name Myers, Sue
9 (RLIN) 19967
942 ## - ADDED ENTRY ELEMENTS (KOHA)
Source of classification or shelving scheme Dewey Decimal Classification
Item type English Books
Classification part 796.355
Call number suffix AND
Holdings
Withdrawn status Lost status Not for loan Collection code Home library Current library Date acquired Cost, normal purchase price Full call number Copy number Cost, replacement price Koha item type
    Ordered Non-fiction Andrews Gunj Andrews Gunj 14/09/2010 1127.00 796.355 AND 1 1127.00 English Books

© Delhi Public Library
Hit Counter
free hit counter